| 000 | 00515cam a2200193ua 4500 | ||
|---|---|---|---|
| 001 | 6541 | ||
| 005 | 20260515114051.0 | ||
| 008 | 140311n ii |||gr||||Z||||||asm | ||
| 040 | _cMAIN | ||
| 082 | _a332.1 | ||
| 245 |
_aBankar ain aru Karyapranali _cBy Devdas bharali |
||
| 250 | _a1st ed. | ||
| 260 |
_aGuwahati: _bPathyaputhi prastuti samanay samiti, _c1974. |
||
| 300 | _ax,165p. | ||
| 653 | _aFinancial economics | ||
| 653 | _aBankar ain aru Karyapranali | ||
| 700 |
_aBharali,Devdas, _eAuthor. |
||
| 942 | _cBK | ||
| 999 |
_c5685 _d5685 |
||